Detalles MARC
| 000 -LÍDER |
| Campo fijo de descripción fija |
01756nam a22003257a 4500 |
| 001 - NÚMERO DE CONTROL |
| Campo de control |
14850 |
| 003 - IDENTIFICADOR DEL NÚMERO DE CONTROL |
| Campo de control |
CO-MdFUSB |
| 005 - FECHA Y HORA DE LA ULTIMA TRANSACCIÓN |
| control field |
20170922090306.0 |
| 008 - ELEMENTOS DE LONGITUD FIJA -- INFORMACIÓN GENERAL |
| Campo fijo de descripción fija -- Información general |
170922t2001 sp ||||| |||| 00| 0 s d |
| 020 ## - NÚMERO INTERNACIONAL NORMALIZADO PARA LIBROS |
| Número Internacional Normalizado del libro |
84-8196-148-8 : |
| 040 ## - FUENTE DE CATALOGACIÓN |
| Agencia de catalogación original |
CO-MdFUSB |
| Idioma de catalogación |
spa |
| Agencia que realiza la transcripción |
CO-MdFUSB |
| Agencia que realiza la modificación |
CO-MdFUSBC |
| Convenciones de la descripción |
rda |
| 041 0# - CÓDIGO DE IDIOMA |
| Código de idioma para texto/pista de sonido o título separado |
spa |
| 082 04 - NÚMERO DE CLASIFICACIÓN DECIMAL DEWEY |
| Número de clasificación |
G 223.8 D693e |
| 100 1# - ASIENTO PRINCIPAL--NOMBRE PERSONAL |
| Nombre personal |
Doré, Daniel |
| Término relacionador |
autor |
| 245 #0 - TÍTULO |
| Título del Material |
Eclesiastés y eclesiástico o qohélet y sirácida |
| Mención de responsabilidad, etc. |
/ Daniel Doré; traducido por Nicolás Darrícal |
| 250 ## - MENCIÓN DE EDICIÓN |
| Mención de edición |
3 |
| 264 #4 - PRODUCCIÓN, PUBLICACIÓN, DISTRIBUCIÓN, MANUFACTURA, Y COPYRIGHT |
| Lugar de producción, publicación, distribución, manufactura |
Estella, Navarra : |
| Nombre del productor, publicador, distribuidor |
Verbo Divino, |
| Fecha de producción, publicación, distribución, manufactura, o copyright |
©2001 |
| 300 ## - DESCRIPCIÓN FÍSICA |
| Extensión |
72 p. |
| 336 ## - TIPO DE CONTENIDO |
| Fuente |
rdacontent |
| Término de tipo de contenido |
texto |
| Código de tipo de contenido |
txt |
| 337 ## - TIPO DE MEDIO |
| Fuente |
rdamedia |
| Nombre del tipo de medio |
sin mediación |
| Código del tipo de medio |
n |
| 338 ## - TIPO DE SOPORTE |
| Fuente |
rdacarrier |
| Nombre del tipo de soporte |
volumen |
| Código Tipo de soporte |
nc |
| 500 ## - NOTA GENERAL |
| Nota General |
Título original: Qohélet. Le siracide, ou I'Ecclésiaste et I'Ecclésiastique |
| 501 ## - NOTA DE “CON” |
| Nota de Contenido |
Encuadernado rústico con pasta flexible |
| 505 00 - NOTA DE CONTENIDO |
| Nota de contenido con formato preestablecido |
Eclesiastés o Qohélet: Las líneas de interpretación de Qohélet -- Unidad y estructura literaria -- Los estribillos de Qohélet: vanidad, provecho, afanes. -- La rueda del mundo y de las generaciones (1,4-11) -- Cada cosa a su debido tiempo (3,1-15) -- La crisis de la sabiduría (1,12-18) -- La huida de los días (11,7-12,8) \Eclesiástico o Sirácida: Los géneros literarios del Sirácida -- Ben Sira moralista -- Unidad y estructura literaria -- Las mujeres vistas por el Sirácida -- La sabiduría y el sabio (1,1-10;6,18-37;14,20-15;24) - La galería de los antepasados (44,1-18;50,14-16) -- La transmisión del texto -- Lectura cristiana de Qohélet y del Sirácida |
| 653 ## - TÉRMINO DE INDIZACIÓN - NO CONTROLADO |
| Término no controlado |
Biblia A.T. - Eclesiástes |
| 653 ## - TÉRMINO DE INDIZACIÓN - NO CONTROLADO |
| Término no controlado |
Eclesiástes |
| 653 ## - TÉRMINO DE INDIZACIÓN - NO CONTROLADO |
| Término no controlado |
Biblia A.T. - Eclesiastés - Formas literarias |
| 653 ## - TÉRMINO DE INDIZACIÓN - NO CONTROLADO |
| Término no controlado |
Biblia A.T. - Eclesiastés - Comentarios |
| 942 ## - TIPO DE MATERIAL (KOHA) |
| Tipo de Item KOHA |
Libros General |